Регионална библиотека "Любен Каравелов" - Русе

Биология и здравно образование 9. клас (Запис номер 516976)

MARC детайли
000 -Лидер
Контролно поле с фиксирана дължина 01993nam a2200373 a 4500
003 - Код на организацията, давaща контролен номер
Контролно поле BLK
005 - Дата и час на последна редакция
Контролно поле 20240916130706.0
008 - Елементи от данни с фиксирана дължина
fixed length control field 190129b bu ||||| |||| 00| 0 bu d
020 ## - Международен стандартен номер на книга ISBN
Международен стандартен номер на книга ISBN 6789133602162
020 ## - Международен стандартен номер на книга ISBN
Международен стандартен номер на книга ISBN 9789543602162
020 ## - Международен стандартен номер на книга ISBN
Международен стандартен номер на книга ISBN 978-954-360-216-2
040 ## - Източник на каталожния запис
Идентификатор на билиотеката - собственик на записа BLK
041 ## - Код за език
Код за езика на текст/звукозапис или на отделно заглавие Български
Код за езика КДБФ Български
080 ## - УДК
Текстов определител УДК Биологични науки
УДК код - определител по УДК 57
УДК определител (075.3)
УДК - код + определител 57(075.3)
100 1# - Редна дума - Автор
Автор Ишев, Василий Щерев
Авторска отговорност първи автор
R(LIN) 1299
139 ## - Редно поле
Редна дума Ишев, Василий Щерев
Авторски знак Иш - И 99
245 ## - Сведения за заглавието
Заглавие Биология и здравно образование 9. клас
Подзаглавни данни втора част за 9. клас при обучение с интензивно изучаване на чужд език
Редно поле (дума) Василий Ишев, Маргарита Панайотова, Ирина Михова-Нанкова
250 ## - Област на изданието
Сведения за изданието 2. изд.
260 ## - Област на издателските данни
9 (RLIN) 214208
Място на издаване, разпространение и проч. София
Име на издателя, разпространителя и проч. АзБуки-Просвета
Година на издаване 2024
Издателство - префикс ISBN 978-954-360-
300 ## - Физическа характеристика
Страници 92 с.
Илюстрации и др. с цв. ил.
Размери/Мащаб 29 см
380 ## - Жанр
Жанр Естествени науки. Математика
500 ## - Общи забележки
Забележка Загл. в изд. каре: Биология и здравно образование за 9. клас<br/>Възприетата форма на името на авт. Маргарита Панайотова е Маргарита Йорданова Панайотова-Стоянова<br/>1. изд. 2018<br/>Терминол. речник: с. 89-92
650 #0 - Допълнително описание по предмет – тема
9 (RLIN) 247367
Основно описание – тема или топоним Биология - учебници за средни училища
653 #7 - Ключова дума – ненормативна
9 (RLIN) 197225
Ключова дума средно образование
653 #7 - Ключова дума – ненормативна
9 (RLIN) 199112
Ключова дума учебници за средни училища
700 ## - Други автори (авторска отговорност)
Лично име Панайотова-Стоянова, Маргарита Йорданова
Автороска отговорност (Описва отношението между автора и произведението) съавт.
9 (RLIN) 1445
700 ## - Други автори (авторска отговорност)
Лично име Михова-Нанкова, Ирина Кирилова
Автороска отговорност (Описва отношението между автора и произведението) съавт.
9 (RLIN) 1445
852 ## - Местоположение
Форматна сигнатура Цб ІІ 33208
942 ## - АРТИКУЛИ
Вид на библиотечния материал Книги
Скрит в OPAC Не
944 ## - СЪЗДАВАНЕ И РЕДАКЦИЯ на ЗАПИСА
Дата на регистрацията/редакция Нора Радева
Служител, извършил регистрацията/редакцията 30540
Статус, дата на статуса Севдалина Тодорова
999 ## - СИСТЕМНИ КОНТРОЛНИ НОМЕРА
Koha biblionumber 516976
Koha biblioitemnumber 516976
999 ## - СИСТЕМНИ КОНТРОЛНИ НОМЕРА
Koha biblioitemnumber 516976
999 ## - СИСТЕМНИ КОНТРОЛНИ НОМЕРА
Koha biblioitemnumber 328535
999 ## - СИСТЕМНИ КОНТРОЛНИ НОМЕРА
Koha biblioitemnumber 328535
Наличности
Код за отписване Код за изгубен артикул Източник на класификационната схема Код за повреда Коз за рестрикции Код за отдаване Артикулен № Име на библиотеката - собственик Име на библиотеката, в която се намира в момента Статус (Текущо местоположение) Дата на вписване в системата Местоположение - отдел Цена в лева Инвентарен номер Систематично азбучна сигнатура Баркод Цена в евро Служебен тип на артикула
  Не е изгубен Universal Decimal Classification Не е повреден само за читалня ползва се в читалня 949021 Регионална библиотека "Любен Каравелов" Русе Регионална библиотека "Любен Каравелов" Русе Хранилище 2024-09-16 Хранилище 10.00 120000912391 Цб ІІ 33208 120000912391 5.11 Книги
Vip Innovations Ltd, Rousse, Bulgaria 2025